[Event "Verona op-B"]
[Site "Verona"]
[Date "2017.01.02"]
[Round "1.8"]
[White "Basaglia, Paolo"]
[Black "Scagliarini, Lara"]
[Result "0-1"]
[WhiteElo "1675"]
[BlackElo "1830"]
[PlyCount "48"]
[EventDate "2017.01.02"]
[EventType "swiss"]
[EventRounds "7"]
[EventCountry "ITA"]
[SourceTitle "EXT 2018"]
[Source "ChessBase"]
[SourceDate "2017.10.13"]
[SourceVersion "1"]
[SourceVersionDate "2017.10.13"]
[SourceQuality "1"]

1. e4 c5 2. b3 Nc6 3. Bb2 d6 4. Nc3 Nf6 5. g3 e5 6. d3 g6 7. Qd2 Be6 8. Bg2 Bg7 9. Nge2 Nd7 10. Nb5 Nb6 11. c4 a6 12. Nbc3 h6 13. 0-0 g5 14. Nd1 Qd7 15. Ne3 Bh3 16. Bxh3 Qxh3 17. Nf5 Bf8 18. f4 0-0-0 19. a3 Rg8 20. Kh1 gxf4 21. Ng1 Qh5 22. gxf4 Nd4 23. Bxd4 exd4 24. Qe2 Rxg1+ 0-1

[Event "Liguria Region-ch"]
[Site "Spotorno"]
[Date "2016.05.15"]
[Round "4"]
[White "Mercandelli, Claudio"]
[Black "Basaglia, Paolo"]
[Result "0-1"]
[WhiteElo "1910"]
[BlackElo "1546"]
[PlyCount "66"]
[EventDate "2016.05.13"]
[EventType "swiss"]
[EventRounds "5"]
[EventCountry "ITA"]
[SourceTitle "EXT 2018"]
[Source "ChessBase"]
[SourceDate "2017.10.13"]
[SourceVersion "1"]
[SourceVersionDate "2017.10.13"]
[SourceQuality "1"]

1. Nf3 f5 2. c4 Nf6 3. Nc3 e6 4. d3 b6 5. g3 Bb7 6. Bg2 Nc6 7. 0-0 Be7 8. a3 a5 9. e4 fxe4 10. dxe4 e5 11. h3 0-0 12. Be3 Bc5 13. Bxc5 bxc5 14. Nd5 d6 15. Ng5 Nd4 16. h4 h6 17. Nxf6+ Qxf6 18. Nh3 Qg6 19. h5 Qf7 20. f4 Qxc4 21. Kh2 Nb3 22. Rb1 a4 23. Re1 Qd4 24. Qc2 exf4 25. Nxf4 Qe5 26. Qe2 Nd4 27. Qd1 Rxf4 28. gxf4 Qxf4+ 29. Kh1 Rf8 30. Rf1 Qh4+ 31. Kg1 Rxf1+ 32. Qxf1 Bxe4 33. Bxe4 Qxe4 0-1

[Event "Liguria Region-ch"]
[Site "Spotorno"]
[Date "2016.05.14"]
[Round "3"]
[White "Basaglia, Paolo"]
[Black "Atteo, Domenico"]
[Result "0-1"]
[WhiteElo "1546"]
[BlackElo "1799"]
[PlyCount "71"]
[EventDate "2016.05.13"]
[EventType "swiss"]
[EventRounds "5"]
[EventCountry "ITA"]
[SourceTitle "EXT 2018"]
[Source "ChessBase"]
[SourceDate "2017.10.13"]
[SourceVersion "1"]
[SourceVersionDate "2017.10.13"]
[SourceQuality "1"]

1. d4 Nf6 2. Bf4 d6 3. Nd2 Nbd7 4. Ngf3 c5 5. e3 cxd4 6. exd4 g6 7. Bd3 Bg7 8. 0-0 0-0 9. Re1 Re8 10. Bg5 Qc7 11. c3 a6 12. a4 b6 13. Bf4 Bb7 14. Bc4 e5 15. dxe5 dxe5 16. Be3 Ng4 17. Bxf7+ Kxf7 18. Ng5+ Kg8 19. Qxg4 Nf6 20. Qc4+ Qxc4 21. Nxc4 b5 22. axb5 h6 23. bxa6 Bxa6 24. Nd6 hxg5 25. Nxe8 Nxe8 26. Rad1 Kf7 27. Bxg5 Ke6 28. f4 Kf5 29. Rd5 Nc7 30. Rd7 Ne6 31. Rf7+ Kg4 32. h3+ Kg3 33. fxe5 Nxg5 34. Rxg7 Rd8 35. Ra1 Rd2 36. Rxg6 0-1